Diabetes, obesidad y síndrome metabólico : un abordaje multidisciplinario /

Gespeichert in:
Bibliographische Detailangaben
1. Verfasser: Balderas Rentería, Isaías (autor)
Format: Buch
Sprache:Spanisch
Veröffentlicht: México : El Manual Moderno, 2015, c2015
Schlagworte:
Tags: Tag hinzufügen
Keine Tags, Fügen Sie das erste Tag hinzu!

MARC

LEADER 00000nam^a2200000^a^4500
001 000399364
005 20250521000000.0
009 20260310121550.528
020 |a 978-607-448-481-6 
037 |a Acervo ITESO - Biblioteca 
041 |a ESP 
082 |a 616. 462  |b BAL 
100 |a Balderas Rentería, Isaías  |e (autor) 
245 1 0 |a Diabetes, obesidad y síndrome metabólico :  |b un abordaje multidisciplinario /  |c I. Balderas Rentería. 
264 4 |a México :  |b El Manual Moderno,  |c 2015, c2015 
300 |a XI, 347 p. 
336 |a texto  |b txt  |2 rdacontenido 
337 |a sin mediación  |b n  |2 rdamedio 
338 |a volumen  |b nc  |2 rdasoporte 
521 |a FIL 2017 EEnlace Departamento de Economía, Administración y Mercadología 
521 |a FIL 2017 EEnlace Departamento de Psicología, Educación y Salud 
649 |a XX 
650 |a Obesidad -  |x Prevención 
650 |a Obesidad -  |x Tratamiento 
650 |a Obesidad -  |x Tema Principal 
650 |a Diabetes -  |x Prevención 
650 |a Diabetes -  |x Tratamiento 
650 |a Diabetes -  |x Tema Principal 
650 |a Síndrome Metabólico -  |x Prevención 
650 |a Síndrome Metabólico -  |x Tratamiento 
650 |a Síndrome Metabólico -  |x Tema Principal 
650 |a Metabolismo -  |x Trastornos 
650 |a Trastornos de la Alimentación 
650 |a Enfermedades Crónicas -  |x Prevención 
650 |a Enfermedades Crónicas -  |x Tratamiento 
650 |a Nutrición 
650 |a Endocrinología 
650 |a Fisiología Patológica 
650 |a Medicina 
650 |a Salud Pública 
910 |a Fondo General 
920 |a Impresos - Libros 
930 |a Colección General 
905 |a 101 
901 |a 0500294667  |b IT1  |c ACC  |i c157769  |u 20250521 
901 |a 0500295471  |b IT1  |c ACC  |i c157509  |u 20250521 
902 |a https://opac.biblio.iteso.mx/vufind/Record/000399364